000 01013 a2200169 4500
003 NUST
005 20230201113508.0
040 _cNust
082 _a942.2,TRE
100 _aTrevelyan, George Macaulay
_946482
245 _a a survey of six centuries, Chaucer to Queen Victoria /
_cG.M. Trevelyan ...
260 _aLondon, New York
_b[etc.] Longmans, Green and Co.,
_c 1942.
300 _axii, 628 p. illus.
_b (incl. maps) diagr. 21 cm.
505 _aChaucer England (Page-1), England In The Age Of Caxton (Page-56), Tudor England (Page-92), England During The Anti Clecrical Revolution (Page-99), Shakepear’s England (Page-139), The England Of Charles And Cromwell (Page-206), Restoration England (Page-252), Defoe’s England (Page-293), Dr Johnson’s England (Page-339), Scotland In 18th Century (Page-416), Cobbett’s England (Page-463), Between The Two Reform Bills (Page-509), The Second Half Of The Victorian Era (Page-551).
650 _aEnglish social history;
_9108341
942 _2ddc
_cBK
_k942,TRE
999 _c187236
_d187236